=LDR 00000nam 2200000 4500 =001 INLIS000000000019124 =005 20130612114226 =008 ***********************************Ind** =035 ##$$0010-061300000019124 =041 ##$$a Ind =082 ##$$a 799.12 =090 ##$$a 799.12, Wal t =100 ##$$a The compleat angler, Izaak Walton =245 ##$$a The compleat angler, Izaak Walton =260 ##$$a 1988 $b Inggris =300 ##$$a 360 hlm, 21 cm =650 ##$$a Menangkap Ikan =850 ##$$a NBPNMAT